Organizácia fotografií s bitmapovými filtrami Microsoft Digital Image 2006 Suite

Bibliographic Details
Main Author: Reiter, Michal (Author)
Format: Article
Language:Slovak
PhysicalDescription:Fotogr., tab.
ISSN:1335-0226
Subjects:

MARC

LEADER 00000nab a2200000 a 4500
001 vtls008639181
003 SK-MaSNL
005 20260304141555.0
008 250505c2005 xo mr|p|||||||000 b|slo
015 |a SNBRB2006/03  |2 snkbucl 
035 |a (uuid)3caebc1f-d815-4bfe-84d2-2ca4715976d2 
035 |a urn:nbn:sk:snk-abwve 
035 |a (urnnbn)urn:nbn:sk:snk:ar-a05ai6 
038 |a SNKBUCL 
040 |a SNKBUCL  |b slo  |c SNKBUCL  |e AACR2 
041 0 |a slo 
044 |a xo  |c SK 
080 |a 004.42Digital Image  |2 1997 
080 |a 77.089:004.932  |2 1997 
080 |a 004.63.032.6  |2 1997 
080 |a 004.932  |2 1997 
100 1 |a Reiter, Michal  |4 aut  |9 758687 
245 1 0 |a Organizácia fotografií s bitmapovými filtrami  |b Microsoft Digital Image 2006 Suite  |c Michal Reiter 
300 |b Fotogr., tab. 
630 0 7 |a Microsoft Digital Image 2006 Suite  |2 snkbucl  |9 1459695 
650 0 7 |a multimediálne súbory  |2 snkbucl  |9 1051383 
650 0 7 |a grafický softvér  |2 snkbucl  |9 71241 
650 0 7 |a počítačové spracovanie obrazu  |2 snkbucl  |9 68795 
650 0 7 |a digitálna fotografia  |2 snkbucl  |9 20210 
773 0 |t PC revue  |g Roč. XIII, č. 12 (2005), s. 120  |x 1335-0226 
850 |a Slovenská národná knižnica 
852 |a Slovenská národná knižnica 
954 |a odborná, vedecká literatúra pôvodná (slovenská)  |2 lita 
958 |a article27 
958 |a OND 
958 |a EUIPO 
999 |c 2919022  |d 2920952